Logística inversa (Registro nro. 28903)
[ vista simple ]
| 000 -LÍDER | |
|---|---|
| fixed length control field | 00592nam a22002177a 4500 |
| 003 - IDENTIFICADOR DEL NÚMERO DE CONTROL | |
| control field | ITZ |
| 005 - FECHA Y HORA DE LA ULTIMA TRANSACCIÓN | |
| Campo de control | 20230203101722.0 |
| 008 - ELEMENTOS DE LONGITUD FIJA -- INFORMACIÓN GENERAL | |
| fixed length control field | 230203b |||||||| |||| 00| 0 spa d |
| 020 ## - NÚMERO INTERNACIONAL NORMALIZADO PARA LIBROS | |
| ISBN | 978-607-622-023-8 |
| 035 ## - Número de ficha (Janium) | |
| Número de ficha (Janium) | 17270 |
| 041 ## - CÓDIGO DE IDIOMA | |
| Código de idioma para texto/pista de sonido o título separado | spa |
| 050 ## - SIGNATURA TOPOGRAFICA DE LA BIBLIOTECA DEL CONGRESO (LC) | |
| Número de Clasificación | HD38.5 |
| Cutter | C33 2014 |
| 082 ## - NUMERO DE CLASIFICACION DECIMAL DEWEY | |
| Número de Clasificación | 658.56 |
| Cutter | C112l 2014 |
| 100 1# - ASIENTO PRINCIPAL--NOMBRE PERSONAL | |
| Nombre personal | Cabeza, Domingo |
| 245 ## - TÍTULO | |
| Título | Logística inversa |
| Parte restante del título | en la gestión de la cadena de suministro |
| 250 ## - MENCIÓN DE EDICIÓN | |
| Mención de edición | 2 |
| 260 ## - PUBLICACIÓN, DISTRIBUCIÓN, ETC. (PIE DE IMPRENTA) | |
| Lugar de publicación, distribución, etc. | México |
| Nombre del editor, distribuidor, etc. | Alfaomega |
| Fecha de publicación, distribución, etc. | 2014 |
| 300 ## - DESCRIPCIÓN FÍSICA | |
| Extensión | 122 p. , il. |
| Dimensiones | 23 cm. |
| 650 ## - ASIENTO SECUNDARIO DE MATERIA - TERMINO TEMÁTICO | |
| Término temático o nombre geográfico como elemento de entrada | 1.LOGÍSTICA EN LOS NEGOCIOS 2. CADENA DE SUMINISTROS |
| 942 ## - TIPO DE MATERIAL (KOHA) | |
| Koha item type | Libros |
| No. biblioteca | No. biblioteca | Número de clasificación | Código de barras/Número de adquisición | Número de copia | Tipo de material | Otras carreras |
|---|---|---|---|---|---|---|
| ÁREA DE INDUSTRIAL | LUIS G. INCLAN | 658.56 C112l 2014 | 54412 | 6 | Libros | LUIS G. INCLAN |
| ÁREA DE INDUSTRIAL | LUIS G. INCLAN | 658.56 C112l 2014 | 54413 | 7 | Libros | LUIS G. INCLAN |
| ÁREA DE INDUSTRIAL | ÁREA DE INDUSTRIAL | 658.56 C112l 2014 | 53527 | 1 | Libros | INGENIERÍA EN GESTIÓN EMPRESARIAL |
| ÁREA DE INDUSTRIAL | ÁREA DE INDUSTRIAL | 658.56 C112l 2014 | 53528 | 2 | Libros | INGENIERÍA EN GESTIÓN EMPRESARIAL |
| ÁREA DE INDUSTRIAL | ÁREA DE INDUSTRIAL | 658.56 C112l 2014 | 53529 | 3 | Libros | INGENIERÍA EN GESTIÓN EMPRESARIAL |
| ÁREA DE INDUSTRIAL | ÁREA DE INDUSTRIAL | 658.56 C112l 2014 | 53530 | 4 | Libros | INGENIERÍA EN GESTIÓN EMPRESARIAL |
| ÁREA DE INDUSTRIAL | ÁREA DE INDUSTRIAL | 658.56 C112l 2014 | 53531 | 5 | Libros | INGENIERÍA EN GESTIÓN EMPRESARIAL |
